Catalytic air pollution control

The first five chapters describe the fundamentals of catalysts and catalysis. Two new chapters have been added on the chemical and physical properties of monoliths, the support of choice for environmental applications. Included are chapters on fuel cells/ fuel processing and novel approaches for pur...

Cijeli opis

Spremljeno u:
Bibliografski detalji
Glavni autor: Heck, Ronald M.
Format: Knjiga
Jezik:Undetermined
Izdano: New York Van Nostrand Reinhold 1994
Teme:
Oznake: Dodaj oznaku
Bez oznaka, Budi prvi tko označuje ovaj zapis!
Thư viện lưu trữ: Trung tâm Học liệu Trường Đại học Cần Thơ
LEADER 00969nam a2200205Ia 4500
001 CTU_141586
008 210402s9999 xx 000 0 und d
082 |a 628.53 
082 |b H448 
100 |a Heck, Ronald M. 
245 0 |a Catalytic air pollution control 
245 0 |c Ronald M. Heck, Robert J. Farrauto 
260 |a New York 
260 |b Van Nostrand Reinhold 
260 |c 1994 
520 |a The first five chapters describe the fundamentals of catalysts and catalysis. Two new chapters have been added on the chemical and physical properties of monoliths, the support of choice for environmental applications. Included are chapters on fuel cells/ fuel processing and novel approaches for purifying ambient air. 
650 |a Không khí,Chất xúc tác,Air,Catalysts 
650 |x Làm sạch,Cung cấp và trang bị,Equipment and supplies,Purification 
904 |i Trọng Hải 
980 |a Trung tâm Học liệu Trường Đại học Cần Thơ